书目信息 |
| 题名: |
影视类型学
|
|
| 作者: | 郝建 著 | |
| 分册: | ||
| 出版信息: | 北京 北京大学出版社 2002 |
|
| 页数: | 455页 | |
| 开本: | 21cm | |
| 丛书名: | 北京大学影视艺术丛书 | |
| 单 册: | ||
| 中图分类: | J902 | |
| 科图分类: | ||
| 主题词: | 电影(艺术)--类型学 , 电视(艺术)--类型学 , 电影(艺术) , 类型学 , 电视(艺术) | |
| 电子资源: | ||
| ISBN: | 7-301-05689-3 | |
| 000 | 00915oam2 2200301 450 | |
| 001 | 012007841216 | |
| 005 | 20070522181620.45 | |
| 010 | @a7-301-05689-3@dCNY25.00 | |
| 100 | @a20070515d2002 km y0chiy0120 ea | |
| 101 | 0 | @achi |
| 102 | @aCN@b110000 | |
| 105 | @aa z 000yy | |
| 106 | @ar | |
| 200 | 1 | @a影视类型学@Aying shi lei xing xue@f郝建著@Fhao jian zhu |
| 210 | @a北京@c北京大学出版社@d2002 | |
| 215 | @a455页@c图@d21cm | |
| 225 | 2 | @a北京大学影视艺术丛书 |
| 330 | @a本书研究了类型电影这一美学现象以及一些重要的类型电影的具体形态,还对如何认识今日中国的大众文化及其中的好莱坞模式提出了自己的观点。 | |
| 461 | 0 | @12001 @a北京大学影视艺术丛书 |
| 606 | 0 | @a电影(艺术)@x类型学 |
| 606 | 0 | @a电视(艺术)@x类型学 |
| 606 | 0 | @a电影(艺术) |
| 606 | 0 | @a类型学 |
| 606 | 0 | @a电视(艺术) |
| 690 | @aJ902@v4 | |
| 701 | 0 | @a郝建@Ahao jian@4著 |
| 801 | 0 | @aCN@bRULIN@c20070522 |
| 905 | @dJ902@e204@s8 | |
| 影视类型学/郝建著.-北京:北京大学出版社,2002 |
| 455页:图;21cm.-(北京大学影视艺术丛书) |
| ISBN 7-301-05689-3:CNY25.00 |
| 本书研究了类型电影这一美学现象以及一些重要的类型电影的具体形态,还对如何认识今日中国的大众文化及其中的好莱坞模式提出了自己的观点。 |
| ● |
| 相关链接 |
|
|
|
|
正题名:影视类型学
索取号:J902/204
 
预约/预借
| 序号 | 登录号 | 条形码 | 馆藏地/架位号 | 状态 | 备注 |
| 1 | 0580053 | 205800533 | 第一样本阅览室/ [索取号:J902/204] | 在馆 | |
| 2 | 0580054 | 205800542 | 第一借阅区/ [索取号:J902/204] | 在馆 | |
| 3 | 0580055 | 205800551 | 第一借阅区/ [索取号:J902/204] | 在馆 | |
| 4 | 0580056 | 205800560 | 第一借阅区/ [索取号:J902/204] | 在馆 | |
| 5 | 0580057 | 205800579 | 第一借阅区/ [索取号:J902/204] | 在馆 | |
| 6 | 0580058 | 205800588 | 第一借阅区/ [索取号:J902/204] | 在馆 | |
| 7 | 0580059 | 205800597 | 第一借阅区/ [索取号:J902/204] | 在馆 | |
| 8 | 0580060 | 205800604 | 第一借阅区/ [索取号:J902/204] | 在馆 |